| 000 | 00519nam a22001697a 4500 | ||
|---|---|---|---|
| 003 | OSt | ||
| 005 | 20241030202851.0 | ||
| 008 | 241030b |||||||| |||| 00| 0 eng d | ||
| 040 | _cm | ||
| 050 |
_aQ121 _b.G764 |
||
| 245 |
_aGrowing up with Science/ _bthe illustrated encyclopedia of invention _cMichael Dempsey(executive Ed.) |
||
| 250 | _aVol. 1 | ||
| 260 |
_aTarrytown, New York _bWebsters Unified H.S. Stuttman Inc _c1990 |
||
| 300 |
_a96pages _bill. some color _c26cm |
||
| 700 | _aDempsey, Michael | ||
| 942 |
_2lcc _cBK _n0 |
||
| 999 |
_c412 _d412 |
||